| 000 | 00427nam a2200181Ia 4500 | ||
|---|---|---|---|
| 001 | 14706 | ||
| 005 | 20260306164934.0 | ||
| 008 | 260306t2004||||xx |||||||||||||| ||spa|| | ||
| 041 | _aESP | ||
| 082 |
_a515.9 _bB84 |
||
| 100 |
_aBrown, James Ward _eAUT |
||
| 245 | 0 | _aVariable compleja y aplicaciones | |
| 260 | _c2004 | ||
| 300 |
_a457 páginas : _c24 cm. |
||
| 650 | _aGEN | ||
| 654 | _aCMA | ||
| 942 |
_cLIB _dJUS _fJUS _2ddc _n |
||
| 999 |
_c14706 _d14706 |
||